[Event "COL-ch U20"]
[Site "Cali"]
[Date "2024.02.29"]
[Round "3"]
[White "Mora Munoz, Alejandro"]
[Black "Garzon Camelo, Andres Santiago"]
[Result "0-1"]
[WhiteElo "1983"]
[BlackElo "2081"]
[PlyCount "90"]
[EventDate "2024.02.28"]
[EventType "swiss"]
[EventRounds "9"]
[EventCountry "COL"]
[SourceTitle "CB11_2024"]
[SourceDate "2024.03.13"]
[SourceVersion "1"]
[SourceVersionDate "2024.03.13"]
[SourceQuality "1"]

1. e4 e5 2. Nf3 Nc6 3. Bb5 a6 4. Ba4 b5 5. Bb3 Nf6 6. d3 Be7 7. 0-0 0-0 8. Re1 d6 9. c3 Na5 10. Bc2 c5 11. Nbd2 h6 12. Nf1 Re8 13. Ng3 Bf8 14. Bd2 Nc6 15. h3 Be6 16. a4 Rb8 17. axb5 axb5 18. Nh2 g6 19. f4 exf4 20. Bxf4 Bg7 21. d4 cxd4 22. cxd4 Nb4 23. Bb1 Qb6 24. Kh1 Na6 25. Qd2 Bc4 26. Nf3 Kh7 27. Bc2 b4 28. b3 Bb5 29. h4 h5 30. e5 dxe5 31. Bxe5 Rbd8 32. Qf4 Kg8 33. Ng5 Re7 34. Qf3 Rde8 35. N5e4 Ng4 36. Bxg7 Kxg7 37. Red1 Qc7 38. Rac1 f5 39. Bd3 fxe4 40. Rxc7 exf3 41. Rxe7+ Rxe7 42. Bxb5 Nf2+ 43. Kh2 Nc7 44. Rd2 Ng4+ 45. Kh3 fxg2 0-1

[Event "Palmira Fortalece Sede"]
[Site "Palmira"]
[Date "2022.12.17"]
[Round "9"]
[White "Mora Munoz, Alejandro"]
[Black "Quinonez Garcia, Santiago"]
[Result "1/2-1/2"]
[WhiteElo "1931"]
[BlackElo "2280"]
[PlyCount "90"]
[EventDate "2022.12.13"]
[EventType "swiss"]
[EventRounds "10"]
[EventCountry "COL"]
[SourceTitle "CBM 211 Extra"]
[Source "ChessBase"]
[SourceDate "2023.01.31"]
[SourceVersion "1"]
[SourceVersionDate "2023.01.31"]
[SourceQuality "1"]

1. e4 e6 2. d4 d5 3. Nd2 Nf6 4. e5 Nfd7 5. Bd3 c5 6. c3 Nc6 7. Ne2 cxd4 8. cxd4 f6 9. exf6 Nxf6 10. Nf3 Bd6 11. 0-0 Qc7 12. Bg5 0-0 13. Bh4 Nh5 14. Qc2 h6 15. Bh7+ Kh8 16. Bg6 Rxf3 17. Bxh5 Rf8 18. Bg3 Bd7 19. Rac1 Rac8 20. a3 Be8 21. Bg4 Rf6 22. b4 a6 23. Qd2 Bf7 24. Nc3 Bf4 25. Qd1 Qd8 26. Rc2 Bg6 27. Re2 Nxd4 28. Qxd4 Rc4 29. Qd1 Bxg3 30. hxg3 Rxg4 31. Rxe6 Rxe6 32. Qxg4 Rc6 33. Ne2 Bd3 34. Rd1 Bxe2 35. Qxe2 d4 36. Qe4 Rd6 37. Qxb7 d3 38. Qe4 d2 39. Qe2 Qc8 40. Kh2 Qc2 41. f3 Rd8 42. a4 Qc3 43. b5 axb5 44. axb5 Qa5 45. b6 Ra8 1/2-1/2

[Event "Jamundi Fortalece Sede op"]
[Site "Jamundi"]
[Date "2022.12.11"]
[Round "10"]
[White "Pazos Gambarrotti, Plinio Efrain"]
[Black "Mora Munoz, Alejandro"]
[Result "1/2-1/2"]
[WhiteElo "2083"]
[BlackElo "1931"]
[PlyCount "70"]
[EventDate "2022.12.05"]
[EventType "swiss"]
[EventRounds "10"]
[EventCountry "COL"]
[SourceTitle "CBM 211 Extra"]
[Source "ChessBase"]
[SourceDate "2023.01.31"]
[SourceVersion "1"]
[SourceVersionDate "2023.01.31"]
[SourceQuality "1"]

1. d4 Nf6 2. c4 g6 3. Nc3 Bg7 4. e4 d6 5. Nge2 0-0 6. Ng3 e5 7. d5 a5 8. Be2 Na6 9. h4 h5 10. Bg5 Qe8 11. Qd2 Nc5 12. Bh6 Bxh6 13. Qxh6 Qe7 14. 0-0-0 a4 15. Qg5 Re8 16. Rhf1 Nh7 17. Qxe7 Rxe7 18. f3 Bd7 19. Rd2 Kg7 20. Kc2 Kh6 21. Rb1 Na6 22. b4 axb3+ 23. axb3 Nb4+ 24. Kb2 Ree8 25. Rdd1 f5 26. Nf1 Rf8 27. Ra1 fxe4 28. Nxe4 Bf5 29. Nfd2 g5 30. Kc3 Na2+ 31. Kb2 Nb4 32. Rh1 gxh4 33. Kc3 Na2+ 34. Kb2 Nb4 35. Kc3 Na2+ 1/2-1/2

[Event "Jamundi Fortalece Sede op"]
[Site "Jamundi"]
[Date "2022.12.08"]
[Round "5"]
[White "Mora Munoz, Alejandro"]
[Black "Cardoso Cardoso, Jose Gabriel"]
[Result "0-1"]
[WhiteElo "1931"]
[BlackElo "2486"]
[PlyCount "88"]
[EventDate "2022.12.05"]
[EventType "swiss"]
[EventRounds "10"]
[EventCountry "COL"]
[SourceTitle "CBM 211 Extra"]
[Source "ChessBase"]
[SourceDate "2023.01.31"]
[SourceVersion "1"]
[SourceVersionDate "2023.01.31"]
[SourceQuality "1"]

1. e4 c5 2. Nf3 d6 3. d4 cxd4 4. Nxd4 Nf6 5. Nc3 a6 6. f3 e5 7. Nb3 Be6 8. Be3 h5 9. Nd5 Bxd5 10. exd5 Nbd7 11. Qd2 Qc7 12. Rc1 g6 13. Be2 Bg7 14. 0-0 b6 15. a4 Qb7 16. Rfd1 0-0 17. c3 Kh7 18. Na1 Nc5 19. Bxc5 bxc5 20. Rb1 Rfe8 21. b4 Bh6 22. Qd3 e4 23. Qc4 cxb4 24. cxb4 exf3 25. Bxf3 Rac8 26. Qf1 Rc3 27. Kh1 Kg7 28. b5 axb5 29. axb5 Qb6 30. Nb3 h4 31. Nc1 Re5 32. Nd3 Re3 33. Nb2 Qc7 34. b6 Qxb6 35. Na4 Qc7 36. Nxc3 Rxc3 37. Rd3 Rc2 38. Rdb3 Qc5 39. Qg1 Qc8 40. Qd4 h3 41. Rf1 Qa6 42. Rd3 Bf4 43. Qxf4 Qxd3 44. Qd4 Qa6 0-1

[Event "Jamundi Fortalece Sede op"]
[Site "Jamundi"]
[Date "2022.12.07"]
[Round "4"]
[White "Larino Nieto, David"]
[Black "Mora Munoz, Alejandro"]
[Result "0-1"]
[WhiteElo "2466"]
[BlackElo "1931"]
[PlyCount "116"]
[EventDate "2022.12.05"]
[EventType "swiss"]
[EventRounds "10"]
[EventCountry "COL"]
[SourceTitle "CBM 211 Extra"]
[Source "ChessBase"]
[SourceDate "2023.01.31"]
[SourceVersion "1"]
[SourceVersionDate "2023.01.31"]
[SourceQuality "1"]

1. e4 c5 2. Nf3 d6 3. d4 cxd4 4. Qxd4 Nc6 5. Bb5 Bd7 6. Bxc6 Bxc6 7. Nc3 Nf6 8. Bg5 e6 9. 0-0-0 Be7 10. Rhe1 Qa5 11. Kb1 0-0 12. Qd2 Qb6 13. Nd4 Rfd8 14. f3 Rd7 15. h4 a6 16. g4 Qc7 17. Nce2 Ne8 18. Ng3 Bf8 19. h5 e5 20. Nxc6 bxc6 21. f4 Qb6 22. fxe5 Rb7 23. b3 dxe5 24. Nf5 a5 25. Be3 Qb4 26. g5 a4 27. Qxb4 Rxb4 28. Bd2 Rb6 29. Bc3 axb3 30. cxb3 f6 31. Rd7 c5 32. Ne3 fxg5 33. Bxe5 Nf6 34. Bxf6 Rxf6 35. e5 Rf2 36. a4 Rb8 37. Rd3 Re8 38. Nc4 Kf7 39. a5 Ke6 40. Rd6+ Bxd6 41. exd6+ Kf7 42. Rd1 Rb8 43. Rd3 Re8 44. Rd1 Rb8 45. Nb6 Rf4 46. Kc2 Rd4 47. Rf1+ Ke6 48. Re1+ Kxd6 49. Rf1 Ke6 50. Re1+ Kf6 51. Rf1+ Ke6 52. Re1+ Kd6 53. Rf1 Rf4 54. Rd1+ Kc6 55. Nd7 Ra8 56. Ne5+ Kb5 57. Nc4 Rf2+ 58. Kc3 Raf8 0-1

[Event "Jamundi Fortalece Sede op"]
[Site "Jamundi"]
[Date "2022.12.06"]
[Round "3"]
[White "Mora Munoz, Alejandro"]
[Black "Rios, Cristhian Camilo"]
[Result "1/2-1/2"]
[WhiteElo "1931"]
[BlackElo "2460"]
[PlyCount "84"]
[EventDate "2022.12.05"]
[EventType "swiss"]
[EventRounds "10"]
[EventCountry "COL"]
[SourceTitle "CBM 211 Extra"]
[Source "ChessBase"]
[SourceDate "2023.01.31"]
[SourceVersion "1"]
[SourceVersionDate "2023.01.31"]
[SourceQuality "1"]

1. e4 c5 2. Nf3 Nc6 3. d4 cxd4 4. Nxd4 e6 5. Nc3 Qc7 6. Be3 a6 7. g4 b5 8. Nxc6 dxc6 9. f4 e5 10. f5 Bb7 11. Bg2 Nf6 12. Qf3 b4 13. Nd1 0-0-0 14. Nf2 Nd7 15. 0-0 Bc5 16. Nd3 Bxe3+ 17. Qxe3 c5 18. a3 a5 19. axb4 axb4 20. Rfc1 Qb6 21. b3 f6 22. Nb2 Ba6 23. Bf1 Bxf1 24. Kxf1 Qb5+ 25. Kg1 Nb6 26. c3 Kb7 27. cxb4 Qxb4 28. Nd3 Qd4 29. Nxc5+ Kb8 30. Na6+ Ka8 31. Nb4+ Kb7 32. Ra7+ Kxa7 33. Nc6+ Kb7 34. Nxd4 Rxd4 35. Ra1 Rc8 36. Qe2 Rc3 37. Qa6+ Kc6 38. Qa7 Rd7 39. Qb8 Rc2 40. Qe8 Kb7 41. Qg8 h6 42. h3 Kc7 1/2-1/2

[Event "Sabaneta op-A 1st"]
[Site "Sabaneta"]
[Date "2022.11.28"]
[Round "6"]
[White "Aspiazu Sibri, Marlon Steven"]
[Black "Mora Munoz, Alejandro"]
[Result "1/2-1/2"]
[WhiteElo "2067"]
[BlackElo "1959"]
[PlyCount "90"]
[EventDate "2022.11.25"]
[EventType "swiss"]
[EventRounds "10"]
[EventCountry "COL"]
[SourceTitle "CBM 211 Extra"]
[Source "ChessBase"]
[SourceDate "2023.01.31"]
[SourceVersion "1"]
[SourceVersionDate "2023.01.31"]
[SourceQuality "1"]

1. d4 Nf6 2. c4 g6 3. Nc3 Bg7 4. e4 d6 5. Be2 0-0 6. Nf3 e5 7. d5 a5 8. Bg5 h6 9. Be3 Ng4 10. Bd2 f5 11. h3 Nf6 12. exf5 gxf5 13. Qc1 Kh7 14. g4 f4 15. Qc2+ Kh8 16. Nh4 Kg8 17. Nf5 Bxf5 18. Qxf5 Kh8 19. Qg6 Qe8 20. Qxe8 Rxe8 21. 0-0 Re7 22. Rfe1 Kg8 23. Bd3 Kf8 24. f3 Na6 25. Be4 Nc5 26. b3 b6 27. Rab1 Nfxe4 28. Nxe4 Nxe4 29. Rxe4 Bf6 30. Be1 h5 31. Kg2 Rh7 32. Bf2 Kf7 33. Rd1 Rah8 34. Rd3 Be7 35. a3 Ra8 36. Re1 hxg4 37. fxg4 Bh4 38. Bxh4 Rxh4 39. Rf3 Kg6 40. Re4 Rh7 41. Rc3 Rf8 42. Rf3 Ra8 43. Re2 Kg5 44. Re1 Re8 45. Re4 Ra8 1/2-1/2

[Event "Medellin Raza Cup"]
[Site "Medellin"]
[Date "2022.10.19"]
[Round "1"]
[White "Avila Pavas, Santiago"]
[Black "Mora Munoz, Alejandro"]
[Result "1-0"]
[WhiteElo "2460"]
[BlackElo "1905"]
[PlyCount "49"]
[EventDate "2022.10.19"]
[EventType "swiss"]
[EventRounds "10"]
[EventCountry "COL"]
[SourceTitle "EXT 2024"]
[Source "ChessBase"]
[SourceDate "2023.10.10"]
[SourceVersion "1"]
[SourceVersionDate "2023.10.10"]
[SourceQuality "1"]

1. e4 c5 2. Nf3 d6 3. d4 cxd4 4. Nxd4 Nf6 5. Nc3 a6 6. Be3 e5 7. Nb3 Be7 8. f3 Be6 9. Qd2 0-0 10. 0-0-0 a5 11. a4 Nc6 12. g4 Nb4 13. g5 Ne8 14. f4 f6 15. f5 Bf7 16. Rg1 fxg5 17. Bb5 Rc8 18. Bxg5 Bxg5 19. Rxg5 b6 20. Rg2 Nf6 21. Rdg1 Nh5 22. Qh6 Qf6 23. Rxg7+ Qxg7 24. Rxg7+ Nxg7 25. Qxd6 1-0

[Event "Ibague op"]
[Site "Ibague"]
[Date "2022.10.08"]
[Round "8"]
[White "Mora Munoz, Alejandro"]
[Black "Corredor Rengifo, Luis Fernando"]
[Result "0-1"]
[WhiteElo "1905"]
[BlackElo "2137"]
[PlyCount "106"]
[EventDate "2022.10.05"]
[EventType "swiss"]
[EventRounds "10"]
[EventCountry "COL"]
[SourceTitle "CBM 210 Extra"]
[Source "ChessBase"]
[SourceDate "2022.11.30"]
[SourceVersion "1"]
[SourceVersionDate "2022.11.30"]
[SourceQuality "1"]

1. e4 c5 2. Nf3 d6 3. d4 cxd4 4. Nxd4 Nf6 5. Nc3 a6 6. f3 e6 7. Be3 b5 8. g4 h6 9. Qd2 Nbd7 10. a4 b4 11. Na2 d5 12. exd5 Nxd5 13. Bf2 Bb7 14. Bg2 Be7 15. h4 Bd6 16. 0-0 0-0 17. c4 bxc3 18. Nxc3 Ne5 19. Rad1 Rc8 20. Nxd5 Bxd5 21. Rfe1 Nc4 22. Qe2 Bb4 23. Rf1 Na5 24. Nc2 Bd6 25. Rxd5 exd5 26. Nd4 Qf6 27. Nf5 Rfe8 28. Qd3 Qe5 29. Bg3 Bc5+ 30. Kh1 Qxb2 31. Qxa6 Nc4 32. g5 Ne3 33. Nxe3 Bxe3 34. f4 hxg5 35. fxg5 Rcd8 36. Qc6 Qd4 37. Qb7 Rf8 38. a5 Qg4 39. Kh2 d4 40. Qe7 Qd7 41. Qe4 Rfe8 42. Qd3 Qg4 43. Qc4 Qe6 44. Qd3 Rc8 45. Qb5 Rc2 46. Kh1 Rd8 47. a6 d3 48. Qa5 Bb6 49. Qa4 Qc4 50. Qxc4 Rxc4 51. Rd1 d2 52. Bf1 Rc1 53. Be2 Re8 0-1